| 000 | 00697nam a2200241 i 4500 | ||
|---|---|---|---|
| 001 | bg | ||
| 100 | 1 | _aSTEFANICKI, Robert | |
| 245 | 1 | 0 |
_aPrawo do nazwy (firmy) i jego ochrona / _cRobert Stefanicki. |
| 260 |
_aKraków : _b"Zakamycze", _c1999. |
||
| 300 |
_a150, [1] s. ; _c21 cm. |
||
| 490 | 1 | _aPromocje | |
| 504 | _aBibliogr. s. 138-144. | ||
| 650 | 9 |
_aDobra osobiste _xochrona _xprawo _xzagadnienia _zPolska _ystan na 1999 r. |
|
| 650 | 9 |
_aFirma (nazwa) _xprawo _zPolska _ystan na 1999 r. |
|
| 830 | _aPromocje | ||
| 020 | _a837211059X | ||
| 040 | _cBPK | ||
| 041 | 0 | _apl | |
| 080 | _a347.77(438) | ||
| 920 | _a83-7211-059-X | ||
| 942 | _cKS | ||
| 008 | s pl f |000 0 pol | ||
| 999 |
_c34566 _d34566 |
||
| 856 |
_uhttp://koha.tu.koszalin.pl/cgi-bin/koha/opac-detail.pl?biblionumber=34566 _yKatalog online BPK |
||